| 000 | 00869nam a22002777a 4500 | ||
|---|---|---|---|
| 003 | CHAP | ||
| 005 | 20220817041804.0 | ||
| 008 | 971013s1968 pn r 10010 spa d | ||
| 010 | _a24521 | ||
| 011 | _a25493 | ||
| 035 | _a29593 | ||
| 040 | _cCHAP | ||
| 082 | 0 | 4 |
_a636.08947 _bC65 1968 |
| 111 | 2 |
_aComité Internacional Regional de Sanidad Agropecuaria. Reunión. ( _n16 : _d1968 : _cPanamá) |
|
| 245 | 1 | _aActa final | |
| 260 |
_aPanamá : _bEl Comité, _c1968 |
||
| 300 | _apág. varía | ||
| 590 |
_aBATCH-UPD _b10 _c20130110 _lUCH01 _h1909 |
||
| 590 |
_aBATCH-UPD _b10 _c20130410 _lUCH01 _h1236 |
||
| 590 |
_aBATCH-UPD _b10 _c20130914 _lUCH01 _h1018 |
||
| 590 |
_aCONVERSION _b10 _c20130109 _lUCH01 _h1314 |
||
| 650 | 1 | 4 |
_aSanidad animal. _9102221 |
| 901 | _aBK | ||
| 942 | _cLIBRO | ||
| 949 |
_a636.08947 C65 1968 _bBC _cLIBRO _d33724000092409 _eLIBRO _h39530 _i29593 _mD _si |
||
| 999 |
_c24521 _d24521 |
||